000 00754nam a22002297a 4500
005 20251108165302.0
008 250721s1984 xx 000 0 ara d
082 1 4 _a631.4/بوم
100 1 _aبوما، جي
245 1 0 _aقياس حركة الماء في بيدونات التربة فوق الماء الأرضي /
264 1 _aبغداد :
_bجامعة صلاح الدين،
_c1984.
300 _a146ص
650 1 7 _aالزراعة
650 1 7 _aالتربة
650 1 7 _aالري
700 1 _aبيكر، اف . جي
700 1 _aفينمان، بي . ال . ام
700 1 _aالطيف، نبيل إبراهيم
_eترجمة
700 1 _aخضر، إسماعيل إبراهيم
_eترجمة
942 _2ddc
_cBK
999 _c24152
_d24152